Miasta Azji Południowej - quiz na mapie - Statystyki

Ogólne statystyki
  • Ten quiz został rozwiązany 1 165 razy
    1 021 od ostatniego zresetowania
  • Średni wynik to 10 z 21
Odpowiedzi na mapie
Odpowiedzi zakodowano w zielono-czerwonej skali na mapie do tego quizu, zgodnie z poniższymi procentami.
 
Statystyki odpowiedzi
Miasta % Poprawnych
Nowe Delhi
97%
Mumbaj
88%
Islamabad
83%
Katmandu
81%
Dhaka
80%
Malé
70%
Kolkata
68%
Karaczi
58%
Kolombo
58%
Thimphu
55%
Lhasa
39%
Bengaluru
37%
Ćennaj
36%
Lahaur
29%
Hajdarabad
26%
Ćottogram
25%
Jaipur
24%
Lucknow
21%
Kweta
13%
Dżafna
12%
Pokhara
11%
Nie znaleziono quizów pasujących do podanych kryteriów
Rozkład punktacji
Procent ludzi z każdym wynikiem
Percentyl według liczby udzielonych odpowiedzi
Twoja historia wyników
Nie rozwiązałeś tego quizu od ostatniego zresetowania